| 000 | 00755cam a22002174a 4500 | ||
|---|---|---|---|
| 020 | _a076197850X (cloth : alk. paper) | ||
| 020 | _a0761978518 (pbk.) | ||
| 040 | _cDLC | ||
| 082 | 0 | 0 | _a370 COR 2001 A017 Or. |
| 100 | 1 | _aSousa, David A. | |
| 245 | 1 | 0 | _aHow the special needs brain learns / |
| 260 |
_aThousand Oaks, Calif. : _bCorwin Press, _cc2001. |
||
| 300 |
_aix, 237 p. : _bill. ; _c29 cm. |
||
| 650 | 0 | _aLearning disabled children | |
| 650 | 0 | _aLearning. | |
| 650 | 0 | _aCognition in children. | |
| 856 | 4 | 2 | _uhttp://www.loc.gov/catdir/enhancements/fy0658/2001001280-d.html |
| 856 | 4 | 1 | _uhttp://www.loc.gov/catdir/enhancements/fy0658/2001001280-t.html |
| 856 | 4 | 2 | _uhttp://www.loc.gov/catdir/enhancements/fy0734/2001001280-b.html |
| 942 | _cEK | ||
| 999 |
_c12262 _d12262 |
||